000 00750nam a2200193 a 4500
003 0
005 20250319121718.0
008 080916s19uu xx 00 eng d
050 _aPHS HQ 799.2.I5
_b.Al1 2008
100 _aAlajar, Lorenzo Martin M.
245 _aThe Level of independence of the children of migrant and non-migrant workers /
_cLorenzo Martin M. Alajar.
260 _aLas PiƱas City, Philippines :
_bSouthville International School and Colleges,
_c2008.
300 _a24 pages :
_billustrations ;
_c28 cm.
504 _aIncludes bibliographical references.
650 _aIndependence in children.
650 _aChildren of migrant laborers
_xSocial conditions.
650 _aMigrant labor
_xFamily relationships.
942 _2lcc
_cPASS
999 _c98054
_d98054